駅名が「前」で終わる駅 - Statistics

General Stats
  • This quiz has been taken 189 times
    113 since last reset
  • The average score is 92 of 351
Answer Stats
市区町村 Answer % Correct
嬬恋村 大前
68%
千葉市 | 富山市 | 広島市 | +4 others 県庁前
64%
函館市 | 千葉市 | 広島市 | +5 others 市役所前
63%
文京区 東大前
58%
渋谷区 明治神宮前
58%
千代田区 国会議事堂前
56%
板橋区 板橋区役所前
56%
新宿区 都庁前
54%
豊島区 大塚駅前
54%
府中市 府中競馬正門前
54%
豊橋市 駅前
54%
草加市 獨協大学前
53%
世田谷区 明大前
53%
千葉市 | 奈良市 | 札幌市 学園前
49%
弘前市 弘前
49%
板倉町 板倉東洋大前
49%
所沢市 西武球場前
49%
北区 王子駅前
49%
荒川区 荒川車庫前
49%
都留市 都留文科大学前
49%
池田市 石橋阪大前
49%
新潟市 新潟大学前
47%
上田市 | 東近江市 大学前
47%
荒川区 熊野前
46%
名古屋市 神宮前
46%
橿原市 橿原神宮前
46%
目黒区 駒場東大前
44%
鎌倉市 鎌倉高校前
44%
船橋市 船橋日大前
42%
千代田区 二重橋前
42%
中央区 三越前
42%
世田谷区 成城学園前
42%
荒川区 荒川区役所前
42%
足立区 大師前
42%
大阪市 ドーム前
42%
函館市 函館駅前
41%
弘前市 | 豊橋市 運動公園前
41%
新宿区 新宿御苑前
41%
江東区 市場前
41%
町田市 玉川学園前
41%
藤沢市 六会日大前
41%
秦野市 東海大学前
41%
羽島市 羽島市役所前
41%
京田辺市 同志社前
41%
鹿児島市 鹿児島中央駅前
41%
品川区 不動前
39%
荒川区 町屋駅前
39%
府中市 競艇場前
39%
富山市 南富山駅前
39%
多賀町 多賀大社前
39%
箕面市 箕面船場阪大前
39%
尼崎市 尼崎センタープール前
39%
和歌山市 和歌山大学前
39%
鳥取市 鳥取大学前
39%
出雲市 出雲大社前
39%
岡山市 岡山駅前
39%
長崎市 長崎駅前
39%
館林市 茂林寺前
37%
中央区 水天宮前
37%
台東区 蔵前
37%
品川区 大井競馬場前
37%
青梅市 石神前
37%
川崎市 読売ランド前
37%
各務原市 各務原市役所前
37%
吹田市 関大前
37%
和歌山市 宮前
37%
荒川区 荒川遊園地前
36%
掛川市 掛川市役所前
36%
岡崎市 岡崎公園前
36%
京都市 京都市役所前
36%
神河町 寺前
36%
松前町 松前
36%
高知市 高知駅前
36%
福岡市 福工大前
36%
熊本市 熊本駅前
36%
鹿児島市 鹿児島駅前
36%
函館市 函館どつく前
34%
弘前市 中央弘前
34%
上山市 茂吉記念館前
34%
港区 外苑前
34%
世田谷区 松陰神社前
34%
豊島区 鬼子母神前
34%
座間市 相武台前
34%
富山市 電鉄富山駅・エスタ前
34%
蒲郡市 蒲郡競艇場前
34%
柏原市 大阪教育大前
34%
橿原市 畝傍御陵前
34%
荒川区 荒川一中前
32%
荒川区 赤土小学校前
32%
瀬戸市 瀬戸市役所前
32%
大阪市 新今宮駅前
32%
豊中市 柴原阪大前
32%
福岡市 九産大前
32%
久留米市 久留米大学前
32%
熊本市 新水前寺駅前
32%
函館市 | 北九州市 競馬場前
31%
富山市 富山大学前
31%
関市 せきてらす前
31%
静岡市 県立美術館前
31%
富士市 ジヤトコ前
31%
湖西市 アスモ前
31%
名古屋市 中京競馬場前
31%
南丹市 鍼灸大学前
31%
堺市 浜寺駅前
31%
大和郡山市 ファミリー公園前
31%
長崎市 浦上駅前
31%
仙台市 東北福祉大前
29%
足利市 山前
29%
中野区 新井薬師前
29%
川崎市 東門前
29%
南魚沼市 上越国際スキー場前
29%
湯沢町 岩原スキー場前
29%
東海市 新日鉄前
29%
尾張旭市 旭前
29%
京都市 京都精華大前
29%
京都市 撮影所前
29%
大阪市 動物園前
29%
大阪市 天王寺駅前
29%
広島市 原爆ドーム前
29%
松山市 松山市駅前
29%
いの町 伊野駅前
29%
糸島市 糸島高校前
29%
鹿児島市 南鹿児島駅前
29%
松山市 JR松山駅前
29%
札幌市 自衛隊前
27%
荒川区 宮ノ前
27%
野々市市 野々市工大前
27%
大津市 大津市役所前
27%
東近江市 京セラ前
27%
貝塚市 貝塚市役所前
27%
茨木市 阪大病院前
27%
神戸市 三宮・花時計前
27%
福岡市 箱崎九大前
27%
久留米市 久留米高校前
27%
大分市 大分大学前
27%
札幌市 バスセンター前
25%
弘前市 義塾高校前
25%
鹿嶋市 長者ヶ浜潮騒はまなす公園前
25%
豊橋市 愛知大学前
25%
小牧市 田県神社前
25%
彦根市 フジテック前
25%
三木市 広野ゴルフ場前
25%
北九州市 九州工大前
25%
湯前町 湯前
25%
高崎市 高崎商科大学前
24%
南足柄市 富士フイルム前
24%
関市 関市役所前
24%
森町 森町病院前
24%
京都市 | 和歌山市 八幡前
24%
京都市 等持院・立命館大学衣笠キャンパス前
24%
大阪市 トレードセンター前
24%
神戸市 旧居留地・大丸前
24%
明石市 人丸前
24%
八頭町 八頭高校前
24%
松江市 松江イングリッシュガーデン前
24%
倉敷市 | 安芸市 球場前
24%
広島市 広電本社前
24%
鳴門市 教会前
24%
福岡市 馬出九大病院前
24%
久留米市 学校前
24%
宗像市 教育大前
24%
太宰府市 都府楼前
24%
いちき串木野市 神村学園前
24%
函館市 五稜郭公園前
22%
福島市 美術館図書館前
22%
南会津町 田島高校前
22%
名古屋市 大森・金城学院前
22%
名古屋市 守山自衛隊前
22%
京都市 桃山御陵前
22%
西宮市 武庫川団地前
22%
倉敷市 三菱自工前
22%
福岡市 福大前
22%
苅田町 小波瀬西工大前
22%
松浦市 松浦発電所前
22%
熊本市 東海学園前
22%
札幌市 東区役所前
20%
札幌市 中央区役所前
20%
札幌市 電車事業所前
20%
弘前市 弘前学院大前
20%
福島市 福島学院前
20%
桐生市 桐生球場前
20%
富山市 | 豊橋市 競輪場前
20%
松本市 北新・松本大学前
20%
西尾市 桜町前
20%
犬山市 富岡前
20%
京都市 二条城前
20%
神戸市 中央市場前
20%
和歌山市 交通センター前
20%
広島市 広域公園前
20%
熊本市 藤崎宮前
20%
札幌市 中央図書館前
19%
弘前市 石川プール前
19%
宇都宮市 グリーンスタジアム前
19%
福井市 ベル前
19%
千曲市 屋代高校前
19%
豊橋市 豊橋公園前
19%
西宮市 鳴尾・武庫川女子大前
19%
生駒市 鳥居前
19%
出雲市 出雲科学館パークタウン前
19%
高知市 高知商業前
19%
北九州市 黒崎駅前
19%
福岡市 箱崎宮前
19%
福岡市 櫛田神社前
19%
久留米市 聖マリア病院前
19%
いわき市 川前
17%
富山市 地鉄ビル前
17%
富士吉田市 葭池温泉前
17%
各務原市 市民公園前
17%
大津市 近江神宮前
17%
大津市 唐橋前
17%
東近江市 太郎坊宮前
17%
福知山市 大江高校前
17%
広島市 南区役所前
17%
篠栗町 城戸南蔵院前
17%
廿日市市 JA広島病院前
17%
札幌市 資生館小学校前
15%
弘前市 弘前東高前
15%
弘前市 聖愛中高前
15%
遠野市 荒谷前
15%
伊達市 やながわ希望の森公園前
15%
ひたちなか市 工機前
15%
筑西市 下館二高前
15%
宇都宮市 駅東公園前
15%
富山市 インテック本社前
15%
富山市 オークスカナルパークホテル富山前
15%
高岡市 市民病院前
15%
浜松市 常葉大学前
15%
浜松市 自動車学校前
15%
大阪市 我孫子前
15%
広島市 佐伯区役所前
15%
廿日市市 山陽女学園前
15%
鳴門市 金比羅前
15%
高知市 デンテツターミナルビル前
15%
熊本市 崇城大学前
15%
青森市 矢田前
14%
芳賀町 芳賀町工業団地管理センター前
14%
富山市 奥田中学校前
14%
富山市 電気ビル前
14%
福井市 日華化学前
14%
長野市 附属中学前
14%
松阪市 権現前
14%
和歌山市 岡崎前
14%
さぬき市 | 和歌山市 神前
14%
紀の川市 甘露寺前
14%
広島市 中電前
14%
広島市 修大協創中高前
14%
福岡市 香椎花園前
14%
福岡市 香椎宮前
14%
熊本市 熊本城・市役所前
14%
熊本市 健軍交番前
14%
合志市 再春医療センター前
14%
札幌市 幌南小学校前
12%
函館市 駒場車庫前
12%
函館市 函館アリーナ前
12%
五所川原市 五農校前
12%
平川市 尾上高校前
12%
宇都宮市 平石中央小学校前
12%
芳賀町 かしの森公園前
12%
富山市 国際会議場前
12%
高岡市 志貴野中学校前
12%
金沢市 額住宅前
12%
福井市 赤十字前
12%
甲賀市 玉桂寺前
12%
大阪市 住吉鳥居前
12%
岡山市 郵便局前
12%
広島市 広大附属学校前
12%
広島市 家庭裁判所前
12%
広島市 縮景園前
12%
広島市 女学院前
12%
松山市 警察署前
12%
高知市 朝倉駅前
12%
高知市 高知城前
12%
安芸市 あき総合病院前
12%
日高村 小村神社前
12%
熊本市 味噌天神前
12%
合志市 熊本高専前
12%
那覇市 | 鹿児島市 市立病院前
12%
札幌市 静修学園前
10%
函館市 中央病院前
10%
平川市 柏農高校前
10%
福島市 医王寺前
10%
宇都宮市 清原地区市民センター前
10%
宇都宮市 清陵高校前
10%
富山市 萩浦小学校前
10%
高岡市 急患医療センター前
10%
射水市 第一イン新湊 クロスベイ前
10%
四日市市 暁学園前
10%
堺市 御陵前
10%
岡山市 西大寺町・岡山芸術創造劇場ハレノワ前
10%
広島市 日赤病院前
10%
三木町 農学部前
10%
東温市 牛渕団地前
10%
高知市 桟橋車庫前
10%
いの町 伊野商業前
10%
熊本市 慶徳校前
10%
熊本市 交通局前
10%
熊本市 県立体育館前
10%
札幌市 東本願寺前
8%
富山市 広貫堂前
8%
富山市 グランドプラザ前
8%
福井市 商工会議所前
8%
郡上市 自然園前
8%
大阪市 東部市場前
8%
広島市 県病院前
8%
北九州市 徳力公団前
8%
中間市 希望が丘高校前
8%
佐々町 清峰高校前
8%
熊本市 健軍校前
8%
鹿児島市 工学部前
8%
鹿児島市 神田(交通局前)
8%
富山市 粟島(大阪屋ショップ前)
7%
堺市 妙国寺前
7%
岡山市 大雲寺前
7%
高松市 房前
7%
松山市 赤十字病院前
7%
高知市 清和学園前
7%
いの町 宇治団地前
7%
熊本市 商業高校前
7%
熊本市 市立体育館前
7%
多良木町 公立病院前
7%
鹿児島市 甲東中学校前
7%
鹿児島市 純心学園前
7%
広島市 不動院前
5%
広島市 別院前
5%
廿日市市 地御前
5%
高知市 朝倉神社前
5%
南国市 東工業前
5%
富山市 蓮町(馬場記念公園前)
3%
No matching quizzes found
Score Distribution
Percent of People with Each Score
Percentile by Number Answered
Your Score History
You have not taken this quiz since the last reset